000 00439nam a2200181Ia 4500
001 10881
005 20260306161905.0
008 260306t2021||||xx |||||||||||||| ||spa||
041 _aESP
082 _a980
_bO664
100 _aO'Phelan Godoy, Scarlett,
_eAUT
245 0 _aUna nueva mirada a las independencias
260 _c2021
300 _a432 páginas :
_c24 cm.
650 _aGEN
654 _aCHU
942 _cLIB
_dJUS
_fJUS
_2ddc
_n
999 _c10881
_d10881